Alle Normal-Pokemon - Statistiken

Allgemein
  • Dieses Quiz wurde 302 mal gespielt
    137 seit der letzten Aktualisierung
  • Das Durchschnittsergebnis liegt bei 76 aus 131
Antwortstatistiken
Pokedex-Nummer Pokemon 2. Typ % Korrekt
016 Taubsi Flug
100%
017 Tauboga Flug
97%
018 Tauboss Flug
97%
021 Habitak Flug
91%
022 Ibitak Flug
91%
019 Rattfratz
91%
020 Rattikarl
91%
143 Relaxo
91%
396 Staralili Flug
91%
040 Knuddeluff Fee
88%
039 Pummeluff Fee
88%
276 Schwalbini Flug
88%
277 Schwalboss Flug
88%
398 Staraptor Flug
88%
397 Staravia Flug
88%
128 Tauros
88%
085 Dodri Flug
85%
084 Dodu Flug
85%
083 Porenta Flug
85%
163 Hoothoot Flug
82%
052 Mauzi
82%
164 Noctuh Flug
82%
053 Snobilikat
82%
133 Evoli
79%
264 Geradaks
79%
263 Zigzachs
79%
132 Ditto
76%
174 Fluffeluff Fee
76%
203 Girafarig Psycho
76%
162 Wiesenior
76%
161 Wiesor
76%
400 Bidifas Wasser
73%
399 Bidiza
73%
113 Chaneira
73%
115 Kangama
73%
289 Letarking
73%
287 Bummelz
70%
446 Mampfaxo
70%
241 Miltank
70%
288 Muntier
70%
108 Schlurp
70%
661 Dartiri Flug
67%
695 Elezard Elektro
67%
242 Heiteira
67%
295 Krawumms
67%
694 Eguana Elektro
64%
293 Flurmel
64%
667 Leufeo Feuer
64%
668 Pyroleo Feuer
64%
493 Arceus
61%
298 Azurill Fee
61%
519 Dusselgurr Flug
61%
294 Krakeelo
61%
137 Porygon
61%
486 Regigigas
61%
216 Teddiursa
61%
217 Ursaring
61%
440 Wonneira
61%
508 Bissbark
58%
206 Dummisel
58%
300 Eneco
58%
521 Fasasnob Flug
58%
660 Grebbit Boden
58%
190 Griffel
58%
505 Kukmarda
58%
504 Nagelotz
58%
520 Navitaub Flug
58%
424 Ambidiffel
55%
301 Enekoro
55%
441 Plaudagei Flug
55%
474 Porygon-Z
55%
659 Scoppel
55%
780 Sen-Long Drache
55%
507 Terribark
55%
333 Wablu Flug
55%
506 Yorkleff
55%
235 Farbeagle
52%
586 Kronjuwild Pflanze
52%
327 Pandir
52%
233 Porygon2
52%
463 Schlurplek
52%
585 Sesokitz Pflanze
52%
432 Shnurgarst
52%
627 Geronimatz Flug
48%
427 Haspiror
48%
731 Peppeck Flug
48%
428 Schlapor
48%
335 Sengo
48%
732 Trompeck Flug
48%
628 Washakwil Flug
48%
431 Charmian
45%
234 Damhirplex
45%
531 Ohrdoch
45%
772 Typ-Null
45%
773 Amigento
42%
573 Chillabell
42%
982 Dummimisel
42%
981 Farigiraf Psycho
42%
351 Formeo
42%
352 Kecleon
42%
760 Kosturso Kampf
42%
734 Mangunior
42%
735 Manguspektor
42%
930 Olithena Pflanze
42%
572 Picochilla
42%
765 Kommandutan Psycho
39%
648 Meloetta Psycho/Kampf
39%
967 Mopex Drache
39%
928 Olini Pflanze
39%
901 Ursaluna Boden
39%
759 Velursi Kampf
39%
945 Affiti Gift
36%
862 Barrikadax Unlicht
36%
626 Bisofank
36%
899 Damythir Psycho
36%
733 Tukanon Flug
36%
676 Coiffwaff
33%
929 Olivinio Pflanze
33%
944 Sproxi Gift
33%
831 Wolly
33%
832 Zwollock
33%
915 Ferkuli
30%
916 Fragrunz
30%
931 Krawalloro Flug
30%
925 Famieps
27%
876 Servol Psycho
27%
775 Koalelu
24%
819 Raffel
24%
820 Schlaraffel
24%
1024 Terapagos
24%
924 Zwieps
24%
Keine übereinstimmenden Quizze gefunden
Verteilung der Resultate
Anzahl Personen mit jedem Resultat
Perzentil nach korrekt beantworteten Fragen
Ihre Resultats-Entwicklung
Sie haben dieses Quiz seit der letzten Aktualisierung nicht gespielt